=LDR 00000nam 2200000 4500 =001 INLIS000000000003962 =005 20130612092245 =008 ***********************************Ind** =035 ##$$0010-061300000003962 =041 ##$$a Ind =082 ##$$a 92(Monohutu) =090 ##$$a 92(Monohutu), Nal a =100 ##$$a Nalinan, R =245 ##$$a Arnold Monohutu, potret seorang patriot =260 ##$$a 1981 $b Jakarta =300 ##$$a xii, 283 hlm., ilus., 21 cm =650 ##$$a Monohutu, Arnold, 1896- =850 ##$$a NBPNMAT